El moderno sistema mundial

Guardat en:
Dades bibliogràfiques
Autor principal: Wallerstein, Immanuel (Autor)
Format: Llibre
Idioma:espanyol
Publicat: Madrid Siglo Veintiuno 2010
Edició:2a. ed
Col·lecció:Historia
Matèries:
Etiquetes: Afegir etiqueta
Sense etiquetes, Sigues el primer a etiquetar aquest registre!

MARC

LEADER 00000cam a2200000 a 4500
001 UCD3400
003 CL-VaPUC
008 160603e20100400sp |||||||||||||||||spa|d
020 |a 9788432314124o.c 
020 |a 9788432314407v.1 
082 0 4 |a 330.122  |b WAL  |2 21 
100 0 |a Wallerstein, Immanuel  |e author  |9 586850 
245 1 3 |a El moderno sistema mundial 
250 |a 2a. ed 
300 |a v 
942 |c BK 
945 |d 20160603 11:43:00  |a arojas 
260 |a Madrid  |b Siglo Veintiuno  |c 2010 
500 |a v.1: La agricultura capitalista y los orígenes de la economía-mundo europea en el siglo XVI 
650 0 |a Historia económica  |9 307218 
650 0 |a Capitalismo  |9 255255 
650 0 |a Condiciones económicas  |9 258255 
650 7 |a HISTORIA SIGLO 16  |2 CL-VaPUC  |9 266637 
651 0 |a Europa  |9 255156 
583 |a last modification  |c 20160603 11:43:00  |k Rodrigo Vera 
490 0 |a Historia 
999 |c 364436  |d 364434 
952 |0 0  |1 0  |3 erb  |4 0  |6 330_122000000000000_WAL_2010  |7 0  |8 A  |9 477615  |a BIBING  |b BIBING  |h v.1  |i 5289173  |o 330.122 WAL 2010  |p 5289173  |r 2025-01-20  |w 2019-11-24  |y BK  |z Catalogado en:20160603  |k GEO